Court of Appeal Civil Appeal No.56 of 1996 Mohamed Allibhai Vs. W.E. Bukenya Mukasa & ors (Record no. 2999)
[ view plain ]
| 000 -LEADER | |
|---|---|
| fixed length control field | 00640nam a22001337a 4500 |
| 008 - FIXED-LENGTH DATA ELEMENTS--GENERAL INFORMATION | |
| fixed length control field | 110615t xxu||||| |||| 00| 0 eng d |
| 010 ## - LIBRARY OF CONGRESS CONTROL NUMBER | |
| LC control number | CACA-49 |
| 245 ## - TITLE STATEMENT | |
| Title | Court of Appeal Civil Appeal No.56 of 1996 Mohamed Allibhai Vs. W.E. Bukenya Mukasa & ors |
| 260 ## - PUBLICATION, DISTRIBUTION, ETC. (IMPRINT) | |
| Date of publication, distribution, etc | 1996 |
| 500 ## - GENERAL NOTE | |
| General note | Coram: Wambuzi, C.J. , Odoki JSC., & Karokora JSC |
| 500 ## - GENERAL NOTE | |
| General note | Appeal from High Court order of Kitiyo J dated 6th July, 1995 in Civil Suit No. 522 of 1993 |
| Withdrawn status | Lost status | Source of classification or shelving scheme | Damaged status | Koha normalized classification for sorting | Not for loan | Location (home branch) | Sublocation or collection (holding branch) | Shelving location | Date acquired | Koha issues (times borrowed) | Koha full call number | Piece designation (barcode) | Koha date last seen | Price effective from | Koha item type |
|---|---|---|---|---|---|---|---|---|---|---|---|---|---|---|---|
| Dewey Decimal Classification | CACA_F49 | Law Development Centre Main Library | Law Development Centre Main Library | Law Reports | 06/15/2011 | CACA F-49 | 51/1996/1 | 06/15/2011 | 06/15/2011 | Un Reported Cases | |||||
| Dewey Decimal Classification | CACA_F49 | Law Development Centre Main Library | Law Development Centre Main Library | Law Reports | 06/15/2011 | CACA F-49 | 51/1996/2 | 06/15/2011 | 06/15/2011 | Un Reported Cases |
